Catálogo público

(Record no. 179687)

MARC details
000 -CABECERA
campo de control de longitud fija 01059nam a2200241Ia 4500
001 - NÚMERO DE CONTROL
campo de control IA_255,30/05/2001,02/09/2011,5232271993 mx nmb 8223123322spa16,"
008 - DATOS DE LONGITUD FIJA--INFORMACIÓN GENERAL
campo de control de longitud fija 220117s xx 000 0 und d
010 ## - NÚMERO DE CONTROL DE LA BIBLIOTECA DEL CONGRESO
Número de control de LC 179687
090 ## - LOCALMENTE ASIGNADO TIPO-LC NÚMERO DE CLASIFICACIÓN (OCLC); NÚMERO DE CLASIFICACIÓN LOCAL (RLIN)
Número de clasificación (OCLC) (R) ; Numero de clasificación, CALL (RLIN) (NR) Tesis A44 1993
100 ## - ENTRADA PRINCIPAL--NOMBRE DE PERSONA
Nombre de persona Alejandro Fernández
9 (RLIN) 147970
502 ## - NOTA DE TESIS
Nota de tesis Tesis (Ingeniero Agrónomo Especialista en Ingeniería Agroindustrial) -- UACh. Departamento de Ingeniería Agroindustrial
504 ## - NOTA DE BIBLIOGRAFÍA, ETC.
Nota de bibliografía, etc. Bibiliografía: h. 103-105
530 ## - NOTA DE FORMATO FÍSICO ADICIONAL DISPONIBLE
Nota de formato físico adicional disponible Disponible en PDF
583 ## - NOTA DE ACCIÓN
Acción 2 ej. imp.
650 ## - PUNTO DE ACCESO ADICIONAL DE MATERIA--TÉRMINO DE MATERIA
Término de materia o nombre geográfico como elemento de entrada Coffee beans
Subdivisión general Entrepreneurship
9 (RLIN) 147971
650 ## - PUNTO DE ACCESO ADICIONAL DE MATERIA--TÉRMINO DE MATERIA
Término de materia o nombre geográfico como elemento de entrada Coffee beans
Subdivisión general Funding
9 (RLIN) 147972
650 #0 - PUNTO DE ACCESO ADICIONAL DE MATERIA--TÉRMINO DE MATERIA
Término de materia o nombre geográfico como elemento de entrada Community development
Subdivisión geográfica Mexico
-- Veracruz
9 (RLIN) 147973
650 #0 - PUNTO DE ACCESO ADICIONAL DE MATERIA--TÉRMINO DE MATERIA
Término de materia o nombre geográfico como elemento de entrada Desarrollo comunitario
Subdivisión geográfica México
-- Veracruz
9 (RLIN) 147974
650 ## - PUNTO DE ACCESO ADICIONAL DE MATERIA--TÉRMINO DE MATERIA
Término de materia o nombre geográfico como elemento de entrada Semillas de café
Subdivisión general Financiamiento
9 (RLIN) 147975
650 ## - PUNTO DE ACCESO ADICIONAL DE MATERIA--TÉRMINO DE MATERIA
Término de materia o nombre geográfico como elemento de entrada Semillas de café
Subdivisión general Iniciativa empresarial
9 (RLIN) 147976

No items available.